000 00499nam a2200181 a 4500
001 6512
003 CO-ViMGA
008 141112s2004 ck r 000 u spa d
040 _aCO-ViMGA
_bspa
_cCO-ViMGA
082 0 4 _a647.94 D355
100 1 _aDelmar, Silva
_95342
245 1 0 _aMantenimiento de hoteles :
_bla seguridad y comodidad del huesped
260 _aMexico :
_bTrillas,
_c1990
300 _a205 p
490 _aTrillas turismo
650 1 4 _aHOTELES - MANTENIMIENTO
_95343
942 _2ddc
_cBK
999 _c18482
_d18482